[Event "Slow standard chess tournament"]
[Site "SchemingMind.com"]
[Date "2009.12.22"]
[Round "-"]
[White "lame wolf"]
[Black "startstek"]
[Result "0-1"]
[WhiteCountry "INT"]
[BlackCountry "ALG"]
[WhiteElo "1116"]
[WhiteRD "51"]
[BlackElo "1946"]
[BlackRD "87"]
[GameID "232069"]

1. e3 Nf6 2. d3 g6 3. c4 Bg7 4. Nc3 O-O 5. d4 d6 6. Bd3 c6 7. e4 e5 8. dxe5 dxe5 9. Nf3 Nbd7 10. O-O Qe7
0-1

[Event "Slow standard chess tournament"]
[Site "SchemingMind.com"]
[Date "2010.01.01"]
[Round "-"]
[White "sentinel"]
[Black "lame wolf"]
[Result "0-1"]
[WhiteCountry "AUS"]
[BlackCountry "INT"]
[WhiteElo "1407"]
[WhiteRD "93"]
[BlackElo "1116"]
[BlackRD "51"]
[GameID "232546"]

1. e4 e5 2. Nf3 d6 3. d3 Bg4 4. c4 Be7 5. Be2 Be6 6. Nc3 Nf6 7. Bg5 O-O 8. b4 c5 9. Rb1 b6 10. b5 Nbd7
11. a4 a5 12. O-O Nh5 13. Nd5 Bxd5 14. cxd5 Nf4 15. g3 Nh3+ 16. Kg2 Nxg5 17. Nxg5 Bxg5 18. Bg4 Nf6 19. f4 Bh6 20. f5 Nxg4
21. Qxg4 f6
0-1

[Event "Slow standard chess tournament"]
[Site "SchemingMind.com"]
[Date "2010.01.01"]
[Round "-"]
[White "startstek"]
[Black "sentinel"]
[Result "1-0"]
[WhiteCountry "ALG"]
[BlackCountry "AUS"]
[WhiteElo "2038"]
[WhiteRD "82"]
[BlackElo "1388"]
[BlackRD "97"]
[GameID "232548"]

1. e4 e5 2. Nf3 d6 3. d4 exd4 4. Nxd4 Nc6 5. Nc3 Qf6 6. Be3 Nh6 7. Nd5 Qd8 8. Nb5 Rb8 9. Nbxc7+ Kd7 10. Bxh6 gxh6
11. Qg4+
1-0

[Event "Slow standard chess tournament"]
[Site "SchemingMind.com"]
[Date "2010.01.01"]
[Round "-"]
[White "lame wolf"]
[Black "sentinel"]
[Result "1/2-1/2"]
[WhiteCountry "INT"]
[BlackCountry "AUS"]
[WhiteElo "1052"]
[WhiteRD "44"]
[BlackElo "1413"]
[BlackRD "95"]
[GameID "232549"]

1. b4 b5 2. Bb2 Nc6 3. a3 e5 4. d4 e4 5. e3 d5 6. Be2 Nf6 7. Bxb5 Qd7 8. c4 Rb8 9. c5 Rxb5 10. Qe2 a6
11. Qd2 Qf5 12. Qe2 Qg4 13. Qxg4 Bxg4 14. Bc3 a5 15. bxa5 Nxa5 16. Bb4 Nb3 17. Ra2 Be7 18. Rb2 Nc1 19. a4 Rxb4 20. Rxb4 Nd3+
21. Kd2 Nxb4 22. f3 exf3 23. gxf3 Bf5 24. Nc3 Nd3 25. e4 dxe4 26. Ke3 exf3 27. Nxf3 Ng4+ 28. Kd2 O-O 29. h3 Ngf2 30. Rb1 Re8
31. Nd5 c6 32. Nxe7+ Kf8 33. Nxf5 g6 34. Nd6 Rd8 35. Rb6 Nf4 36. Rxc6 Nd5 37. a5 Ne7 38. Nb7 Rb8 39. Rb6 Nxh3 40. a6 h5
41. a7 Ra8 42. Ra6 Nc8 43. c6 Rxa7 44. Rxa7 Nxa7 45. Nd6 Nxc6 46. Ke3 g5 47. d5 Nd8 48. Ke4 Ke7 49. Nf5+ Kd7 50. Ng7 g4
51. Ne1 g3 52. Ng2 Kd6 53. Nxh5 Ng5+ 54. Kf5 Nf3 55. Nxg3 Kxd5= 56. Ne3+ Kd4= 57. Kf4 Nd2 58. Ne2+ Kd3 59. Nc1+ Kc3= 60. Kf5 Nc4
61. Nxc4 Kxc4 62. Kf6 Kd5 63. Ke7 Ne6 64. Kxf7 Ke5 65. Nd3+=
1/2-1/2

[Event "Slow standard chess tournament"]
[Site "SchemingMind.com"]
[Date "2009.12.29"]
[Round "-"]
[White "NAZRIZ1977"]
[Black "startstek"]
[Result "0-1"]
[WhiteCountry "WLS"]
[BlackCountry "ALG"]
[WhiteElo "1729"]
[WhiteRD "71"]
[BlackElo "2042"]
[BlackRD "86"]
[GameID "232573"]

1. c4 Nf6 2. Nf3 g6 3. g3 Bg7 4. Bg2 O-O 5. O-O d6 6. Nc3 Nc6 7. d3 e5 8. Bg5 h6 9. Bxf6 Bxf6 10. Rb1 Be6
11. b4 Bg7 12. b5 Ne7 13. a4 Qd7 14. Re1 Bh3 15. Bh1 f5 16. Nd2 Rab8 17. Nd5 Nxd5 18. cxd5 f4 19. Ne4 Rf5 20. Rb4 Rbf8
21. Rc4 R5f7 22. Qc2 fxg3 23. hxg3 Bf5 24. Bf3 Bg4 25. Bg2 Bf5 26. f3 Bxe4 27. dxe4 Bf6 28. Kh2 Bd8 29. Bh3 Qe7 30. Be6 h5
31. Rc1 h4 32. Rxc7 hxg3+
0-1

[Event "Slow standard chess tournament"]
[Site "SchemingMind.com"]
[Date "2009.12.27"]
[Round "-"]
[White "NAZRIZ1977"]
[Black "lame wolf"]
[Result "1-0"]
[WhiteCountry "WLS"]
[BlackCountry "INT"]
[WhiteElo "1936"]
[WhiteRD "96"]
[BlackElo "1052"]
[BlackRD "44"]
[GameID "232574"]

1. c4 c5 2. Nf3 e6 3. g3 b6 4. Bg2 Bb7 5. O-O d5 6. d4 dxc4 7. Qa4+ Qd7 8. Qxc4 Nc6 9. dxc5 Qd5 10. Qxd5 Rd8
11. Qxd8+ Nxd8 12. cxb6 axb6 13. Nc3 Bc5 14. Bf4 Ne7 15. a3 O-O 16. b4 Bd4 17. Nxd4 Bxg2 18. Kxg2 Nec6 19. Nxc6
1-0

[Event "Slow standard chess tournament"]
[Site "SchemingMind.com"]
[Date "2010.01.01"]
[Round "-"]
[White "NAZRIZ1977"]
[Black "sentinel"]
[Result "1-0"]
[WhiteCountry "WLS"]
[BlackCountry "AUS"]
[WhiteElo "1840"]
[WhiteRD "62"]
[BlackElo "1407"]
[BlackRD "93"]
[GameID "232575"]

1. c4 c5 2. Nf3 d6 3. g3 Nf6 4. Bg2 Bf5 5. O-O Nc6 6. Nc3 Nb4 7. d3 Ng4 8. a3 Nc6 9. Rb1 e5 10. b4 cxb4
11. axb4 Be7 12. b5 Nd4 13. Nxd4 exd4 14. Nd5 b6 15. Nxe7 Qxe7 16. Bxa8 O-O 17. Bg2 d5 18. Bxd5 Qe5 19. Bf4 Qf6 20. h3 Ne5
21. Bxe5 Qxe5 22. Bg2 Qc5 23. Ra1 a5 24. bxa6 Qc8 25. a7
1-0

[Event "Slow standard chess tournament"]
[Site "SchemingMind.com"]
[Date "2009.12.31"]
[Round "-"]
[White "startstek"]
[Black "NAZRIZ1977"]
[Result "1-0"]
[WhiteCountry "ALG"]
[BlackCountry "WLS"]
[WhiteElo "2042"]
[WhiteRD "86"]
[BlackElo "1729"]
[BlackRD "71"]
[GameID "232577"]

1. e4 c6 2. d4 d5 3. e5 c5 4. dxc5 e6 5. Be3 Nh6 6. c3 Nd7 7. Bb5 Nf5 8. Bd4 a6 9. Ba4 Be7 10. Nf3 O-O
11. Nbd2 Nxc5 12. Bc2 b5 13. a3 Qc7 14. Rc1 f6 15. O-O a5 16. b4 Nd7 17. Bxf5 exf5 18. Re1 fxe5 19. Nxe5 f4 20. Qe2 Bd6
21. Qxb5 Nf6 22. Ndf3 Ba6 23. Qc6 Qxc6 24. Nxc6 axb4 25. axb4 Ne4 26. Nfe5 Bb5 27. f3 Nd2 28. Na5
1-0

[Event "Slow standard chess tournament"]
[Site "SchemingMind.com"]
[Date "2009.12.28"]
[Round "-"]
[White "lame wolf"]
[Black "NAZRIZ1977"]
[Result "0-1"]
[WhiteCountry "INT"]
[BlackCountry "WLS"]
[WhiteElo "1052"]
[WhiteRD "44"]
[BlackElo "1936"]
[BlackRD "96"]
[GameID "232578"]

1. b4 c6 2. a3 a5 3. Bb2 axb4 4. axb4 Rxa1 5. Bxa1 Qb6 6. c3 d5 7. e3 Nf6 8. Bd3 e5 9. Ne2 Bd6 10. O-O O-O
11. Na3 Bg4 12. Qc2 e4 13. Bc4 dxc4 14. Nd4 Qa6 15. Qb2 b5 16. f3 exf3 17. gxf3 Bh3 18. Re1 Re8 19. e4 Nbd7 20. Re3 Bf4
21. Re2 Ne5 22. Nac2 Ra8 23. Kf2 Nd3+ 24. Kg1 Nxb2 25. Bxb2 Qa2 26. Bc1 Qb1 27. Re1 Ra2
0-1

[Event "Slow standard chess tournament"]
[Site "SchemingMind.com"]
[Date "2010.01.01"]
[Round "-"]
[White "sentinel"]
[Black "NAZRIZ1977"]
[Result "0-1"]
[WhiteCountry "AUS"]
[BlackCountry "WLS"]
[WhiteElo "1407"]
[WhiteRD "93"]
[BlackElo "1840"]
[BlackRD "62"]
[GameID "232579"]

1. e4 c6 2. Na3 d5 3. exd5 cxd5 4. d4 Nf6 5. Bf4 a6 6. Nf3 g6 7. Ne5 Bg7 8. f3 O-O 9. Bd3 Nc6 10. O-O Nxd4
11. c3 Ne6 12. b4 Nxf4 13. Qd2 Nxd3
0-1

[Event "Slow standard chess tournament"]
[Site "SchemingMind.com"]
[Date "2009.12.29"]
[Round "-"]
[White "tiggeronvrb"]
[Black "startstek"]
[Result "0-1"]
[WhiteCountry "SCO"]
[BlackCountry "ALG"]
[WhiteElo "1792"]
[WhiteRD "69"]
[BlackElo "2021"]
[BlackRD "78"]
[GameID "232587"]

1. e4 e5 2. Nf3 Nc6 3. Bc4 Nf6 4. Ng5 d5 5. exd5 Na5 6. Bb5+ c6 7. dxc6 bxc6 8. Be2 h6 9. Nf3 e4 10. Ne5 Bd6
11. f4 Qc7 12. d4 exd3 13. Nxd3 Nd5 14. O-O O-O 15. b3 Re8 16. c4 Ne3 17. Bxe3 Rxe3 18. Nc3 Bf5 19. g4 Bxd3 20. Bxd3 Bxf4
21. Rf2 Rd8
0-1

[Event "Slow standard chess tournament"]
[Site "SchemingMind.com"]
[Date "2009.12.27"]
[Round "-"]
[White "tiggeronvrb"]
[Black "lame wolf"]
[Result "1-0"]
[WhiteCountry "SCO"]
[BlackCountry "INT"]
[WhiteElo "1799"]
[WhiteRD "74"]
[BlackElo "1052"]
[BlackRD "44"]
[GameID "232588"]

1. e4 d5 2. exd5 Qxd5 3. Nc3 Qd8 4. d4 b6 5. Nf3 Bb7 6. Bc4 e6 7. O-O Ne7 8. Re1 Nd7 9. Bg5 Nf6 10. Ne5 Bd5
11. Nxd5 Nfxd5 12. Bb5+ c6 13. Bxc6+ Nxc6 14. Bxd8 Kxd8 15. Nxc6+ Kc7 16. Ne5 Rg8 17. Nxf7 Kd7 18. c4 Nf6 19. Qa4+ Ke7 20. Ng5
1-0

[Event "Slow standard chess tournament"]
[Site "SchemingMind.com"]
[Date "2010.01.01"]
[Round "-"]
[White "tiggeronvrb"]
[Black "sentinel"]
[Result "1-0"]
[WhiteCountry "SCO"]
[BlackCountry "AUS"]
[WhiteElo "1799"]
[WhiteRD "74"]
[BlackElo "1413"]
[BlackRD "95"]
[GameID "232589"]

1. e4 e5 2. Nf3 d6 3. d4 exd4 4. Nxd4 d5 5. exd5 Qxd5 6. Nc3 Qd8 7. Bc4 Bc5 8. Bxf7+ Kxf7 9. Qh5+ g6 10. Qxc5 b6
11. Qc4+ Kf6 12. O-O Bf5 13. Bf4 Qe7 14. Nd5+ Kf7 15. Nxe7+ Kxe7 16. Rfe1+ Kf6 17. Nxf5 gxf5 18. Qe6+ Kg7 19. Be5+ Kf8 20. Bxh8 Na6
21. Qxf5+ Nf6 22. Qxf6+
1-0

[Event "Slow standard chess tournament"]
[Site "SchemingMind.com"]
[Date "2009.12.27"]
[Round "-"]
[White "tiggeronvrb"]
[Black "NAZRIZ1977"]
[Result "0-1"]
[WhiteCountry "SCO"]
[BlackCountry "WLS"]
[WhiteElo "1799"]
[WhiteRD "74"]
[BlackElo "1936"]
[BlackRD "96"]
[GameID "232590"]

1. e4 c6 2. Nf3 d5 3. Nc3 Bg4 4. h3 Bxf3 5. Qxf3 Nf6 6. e5 Nfd7 7. d4 e6 8. Bd3 c5 9. Be3 Nc6 10. Bb5 Nxd4
11. Bxd4 cxd4 12. Bxd7+ Qxd7 13. Ne2 Bb4+ 14. c3 dxc3 15. bxc3 Be7 16. O-O O-O 17. Rfd1 Rac8 18. Rac1 Rc4 19. Rd4 Rfc8 20. Rxc4 Rxc4
21. Nd4 Qc7 22. Qe3 a6 23. Kf1 b5 24. Ke2 b4
0-1

[Event "Slow standard chess tournament"]
[Site "SchemingMind.com"]
[Date "2009.12.29"]
[Round "-"]
[White "startstek"]
[Black "tiggeronvrb"]
[Result "1-0"]
[WhiteCountry "ALG"]
[BlackCountry "SCO"]
[WhiteElo "2021"]
[WhiteRD "78"]
[BlackElo "1792"]
[BlackRD "69"]
[GameID "232592"]

1. e4 c6 2. d4 d5 3. e5 Bf5 4. Nc3 e6 5. g4 Bg6 6. Nge2 c5 7. h4 h5 8. Nf4 Bh7 9. Nxh5 cxd4 10. Qxd4 Nc6
11. Bb5 Ne7 12. Bh6 a6 13. Bxg7 Bxg7 14. Nxg7+ Kf8 15. Nxe6+ fxe6 16. Qf4+ Ke8 17. Qf6 Kd7 18. Bxc6+ Nxc6 19. O-O-O Nb4 20. f4 Qxf6
21. exf6 Bxc2 22. Rd4
1-0

[Event "Slow standard chess tournament"]
[Site "SchemingMind.com"]
[Date "2009.12.27"]
[Round "-"]
[White "lame wolf"]
[Black "tiggeronvrb"]
[Result "0-1"]
[WhiteCountry "INT"]
[BlackCountry "SCO"]
[WhiteElo "1052"]
[WhiteRD "44"]
[BlackElo "1799"]
[BlackRD "74"]
[GameID "232593"]

1. b4 e5 2. a3 d5 3. Bb2 Bd6 4. d4 e4 5. e3 Nf6 6. c4 c6 7. c5 Bc7 8. Nd2 O-O 9. f3 Bf5 10. f4 Nbd7
11. h3 h5 12. g4 hxg4 13. Bg2 Re8 14. Bf1 Nf8 15. hxg4 Bxg4 16. Be2 Qd7 17. Nf1 Ng6 18. Ng3 Kf8 19. Kd2 Nxf4 20. Bxg4 Nxg4
21. exf4 Bxf4+ 22. Kc3 Bxg3 23. Rh3 Nf2 24. Qh5 Nxh3 25. Nxh3 Qe6 26. Qh8+ Ke7 27. Qxg7 Qxh3 28. Qg5+ Kd7 29. Bc1 Bf4+
0-1

[Event "Slow standard chess tournament"]
[Site "SchemingMind.com"]
[Date "2010.01.01"]
[Round "-"]
[White "sentinel"]
[Black "tiggeronvrb"]
[Result "0-1"]
[WhiteCountry "AUS"]
[BlackCountry "SCO"]
[WhiteElo "1388"]
[WhiteRD "97"]
[BlackElo "1824"]
[BlackRD "69"]
[GameID "232594"]

1. e4 c6 2. Nc3 d5 3. Nf3 d4 4. Ne2 c5 5. c4 Nc6 6. a3 e5 7. Rb1 Nf6 8. d3 Bg4 9. Qb3 Qc7 10. Bg5 Be7
11. Ng3 h6 12. Bxf6 Bxf6 13. Be2 O-O 14. Nd2 Bd7 15. O-O a6 16. h3 Rfb8 17. Bg4 Bxg4 18. hxg4 b5 19. Nf5 b4 20. f3 a5
21. a4 Bg5 22. Qd1 g6 23. Ng3 Kg7 24. Nh1 Rh8 25. f4 Bxf4 26. Rf3 Qd7 27. g3 Be3+ 28. Kf1 f6 29. Nb3 Qxg4 30. Kg2 h5
31. Nxc5 h4 32. Nf2 Bxf2 33. Rxf2 Qxg3+ 34. Kf1 h3 35. Ke2 Qe3+ 36. Kf1 h2
0-1

[Event "Slow standard chess tournament"]
[Site "SchemingMind.com"]
[Date "2009.12.29"]
[Round "-"]
[White "NAZRIZ1977"]
[Black "tiggeronvrb"]
[Result "1-0"]
[WhiteCountry "WLS"]
[BlackCountry "SCO"]
[WhiteElo "1936"]
[WhiteRD "96"]
[BlackElo "1799"]
[BlackRD "74"]
[GameID "232595"]

1. c4 c5 2. Nf3 Nf6 3. g3 Nc6 4. Bg2 e5 5. d3 d6 6. Nc3 Bg4 7. O-O Be7 8. Bg5 O-O 9. Bxf6 Bxf6 10. Rb1 g6
11. a3 Rb8 12. b4 cxb4 13. axb4 a6 14. b5 axb5 15. Nxb5 Bg7 16. Qb3 Kh8 17. Qa3 d5 18. cxd5 Bxf3 19. Bxf3 Nd4 20. Nxd4 exd4
21. Rb5 Qc7 22. Rfb1 Rfd8 23. Qb4 Bf8 24. Qxd4+ Kg8 25. e4 Bd6 26. Qb2 Rd7 27. d4
1-0

[Event "Slow standard chess tournament"]
[Site "SchemingMind.com"]
[Date "2010.01.02"]
[Round "-"]
[White "Manuel Angel"]
[Black "startstek"]
[Result "1-0"]
[WhiteCountry "ESP"]
[BlackCountry "ALG"]
[WhiteElo "2264"]
[WhiteRD "78"]
[BlackElo "2015"]
[BlackRD "85"]
[GameID "232749"]

1. e4 e5 2. Nf3 Nc6 3. Bb5 a6 4. Ba4 Nf6 5. O-O Be7 6. Re1 b5 7. Bb3 d6 8. c3 O-O 9. h3 Nb8 10. d4 Nbd7
11. c4 b4 12. a3 c5 13. d5 a5 14. Ba4 Nb6 15. Bc6 Rb8 16. Qc2 Bd7 17. Bxd7 Nfxd7 18. b3 g6 19. Be3 Bf6 20. Nbd2 Ra8
21. Ra2 Bg7 22. Rea1 Qe7 23. Nf1 h6 24. Ne1 f5 25. exf5 gxf5 26. axb4 axb4 27. Rxa8 Nxa8 28. Ra7 e4 29. Qc1 Kh7 30. Nc2 Qe8
31. Bf4 Ne5 32. Rxg7+ Kxg7 33. Bxh6+ Kh7 34. Bxf8 Qxf8 35. Qg5 f4 36. Nd2 Nb6 37. Nxe4 Nbd7 38. Ne1 f3 39. Qh4+ Kg7 40. Nxf3 Nxf3+
41. gxf3 Ne5 42. Qg3+ Kh8 43. f4 Nd7 44. Qh4+
1-0

[Event "Slow standard chess tournament"]
[Site "SchemingMind.com"]
[Date "2010.01.02"]
[Round "-"]
[White "Manuel Angel"]
[Black "lame wolf"]
[Result "1-0"]
[WhiteCountry "ESP"]
[BlackCountry "INT"]
[WhiteElo "2102"]
[WhiteRD "80"]
[BlackElo "1052"]
[BlackRD "44"]
[GameID "232750"]

1. e4 c5 2. Nf3 Nc6 3. d4 cxd4 4. Nxd4 Nxd4 5. Qxd4 d6 6. Bb5+ Bd7 7. Bxd7+ Kxd7 8. Qa4+ Kc8 9. Qc4+ Qc7 10. Qxf7 Nf6
11. Nc3 e5 12. Qb3 Qb6 13. Qe6+ Nd7 14. Bg5 Kc7 15. Nd5+ Kc6 16. Nxb6 axb6 17. Qc4+ Nc5 18. b4 b5 19. Qd5+ Kb6 20. bxc5+ dxc5
21. Qe6+ Ka7 22. Rb1 g6 23. Rxb5 b6 24. Qxb6#
1-0

[Event "Slow standard chess tournament"]
[Site "SchemingMind.com"]
[Date "2010.01.02"]
[Round "-"]
[White "Manuel Angel"]
[Black "tiggeronvrb"]
[Result "1-0"]
[WhiteCountry "ESP"]
[BlackCountry "SCO"]
[WhiteElo "2141"]
[WhiteRD "81"]
[BlackElo "1826"]
[BlackRD "74"]
[GameID "232751"]

1. e4 c6 2. d4 d5 3. Nc3 dxe4 4. Nxe4 Bf5 5. Ng3 Bg6 6. h4 h6 7. Nf3 Nd7 8. h5 Bh7 9. Bd3 Bxd3 10. Qxd3 Qc7
11. Ne2 Ngf6 12. Bf4 Qa5+ 13. Bd2 Qb6 14. O-O-O e6 15. Ne5 Bd6 16. Nc4 Qc7 17. Kb1 Be7 18. Bf4 Qc8 19. Qg3 Rg8 20. Qf3 Nd5
21. Rhe1 Nxf4 22. Nxf4 Nf6 23. Ne5 Qc7 24. Nxf7 Kxf7 25. Qg3
1-0

[Event "Slow standard chess tournament"]
[Site "SchemingMind.com"]
[Date "2010.01.02"]
[Round "-"]
[White "Manuel Angel"]
[Black "NAZRIZ1977"]
[Result "1-0"]
[WhiteCountry "ESP"]
[BlackCountry "WLS"]
[WhiteElo "2240"]
[WhiteRD "80"]
[BlackElo "1805"]
[BlackRD "56"]
[GameID "232753"]

1. e4 c6 2. d4 d5 3. Nc3 dxe4 4. Nxe4 Bf5 5. Ng3 Bg6 6. h4 h6 7. Nf3 Nd7 8. h5 Bh7 9. Bd3 Bxd3 10. Qxd3 e6
11. Bf4 Qa5+ 12. Bd2 Bb4 13. Ne4 Ngf6 14. Nd6+ Ke7 15. Nc4 Bxd2+ 16. Nfxd2 Qc7 17. O-O-O Rhd8 18. f4 Kf8 19. Qf3 c5 20. dxc5 Nxc5
21. Ne5 Rac8 22. c3 b5 23. Kb1 Na4 24. Nb3 b4 25. Rxd8+ Rxd8 26. cxb4 Nd5 27. Rc1 Qd6 28. Nc5 Nxb4 29. Qb7
1-0

[Event "Slow standard chess tournament"]
[Site "SchemingMind.com"]
[Date "2010.01.02"]
[Round "-"]
[White "startstek"]
[Black "Manuel Angel"]
[Result "0-1"]
[WhiteCountry "ALG"]
[BlackCountry "ESP"]
[WhiteElo "1999"]
[WhiteRD "83"]
[BlackElo "2261"]
[BlackRD "78"]
[GameID "232755"]

1. e4 c6 2. d4 d5 3. e5 Bf5 4. Nc3 e6 5. Nf3 Bb4 6. Bd3 Ne7 7. O-O O-O 8. Ne2 Ba5 9. Ng3 Bxd3 10. Qxd3 h6
11. h4 Nd7 12. b3 c5 13. c3 Rc8 14. Bb2 a6 15. Rac1 Ng6 16. h5 Nh4 17. Nxh4 Qxh4 18. Rfd1 f6 19. c4 fxe5 20. cxd5 Nf6
21. dxc5 Ng4 22. Rc2 Qh2+ 23. Kf1 Rxc5 24. Rdc1 Rxd5 25. Qe4 Qxg3
0-1

[Event "Slow standard chess tournament"]
[Site "SchemingMind.com"]
[Date "2010.01.02"]
[Round "-"]
[White "lame wolf"]
[Black "Manuel Angel"]
[Result "0-1"]
[WhiteCountry "INT"]
[BlackCountry "ESP"]
[WhiteElo "1116"]
[WhiteRD "51"]
[BlackElo "2157"]
[BlackRD "84"]
[GameID "232756"]

1. d4 Nf6 2. c4 g6 3. Nc3 d5 4. c5 Bg7 5. g3 Nbd7 6. Bg2 c6 7. e3 e5 8. Nge2 b6 9. b4 bxc5 10. bxc5 O-O
11. O-O Re8 12. Rb1 Qc7 13. e4 dxe4 14. Bxe4 Ba6 15. d5 Nxe4 16. Nxe4 Bxe2 17. Qxe2 cxd5 18. Nd6 Reb8 19. Nb5 Qc6 20. Nxa7 Rxa7
21. Rxb8+ Nxb8 22. f4 e4 23. Be3 d4 24. Bc1 d3 25. Qg2 Qxc5+ 26. Kh1 e3 27. Qe4 e2 28. Rf3 Qxc1+ 29. Kg2 e1=Q
0-1

[Event "Slow standard chess tournament"]
[Site "SchemingMind.com"]
[Date "2010.01.02"]
[Round "-"]
[White "tiggeronvrb"]
[Black "Manuel Angel"]
[Result "0-1"]
[WhiteCountry "SCO"]
[BlackCountry "ESP"]
[WhiteElo "1792"]
[WhiteRD "69"]
[BlackElo "2240"]
[BlackRD "80"]
[GameID "232757"]

1. e4 e5 2. Nf3 Nc6 3. Bc4 Nf6 4. Ng5 d5 5. exd5 b5 6. Bf1 Qxd5 7. Nc3 Qc5 8. Bxb5 Bd7 9. d3 h6 10. Nge4 Nxe4
11. dxe4 a6 12. Ba4 Bd6 13. Be3 Qb4 14. Bb3 O-O 15. O-O Rad8 16. Qe1 Nd4 17. Nd5 Qb7 18. Qd2 c6 19. Nc3 Be6 20. Bxe6 Nxe6
21. Qc1 Nd4 22. Bxd4 exd4 23. Ne2 Rfe8 24. f3 c5 25. b3 f5 26. Ng3 Bxg3 27. hxg3 fxe4 28. fxe4 Qxe4 29. Rf2 Rd6 30. Qf4 Qxf4
31. gxf4 Kf7 32. Kf1 Rde6 33. g3 Re3 34. Kg2 Rc3
0-1

[Event "Slow standard chess tournament"]
[Site "SchemingMind.com"]
[Date "2010.01.02"]
[Round "-"]
[White "sentinel"]
[Black "Manuel Angel"]
[Result "0-1"]
[WhiteCountry "AUS"]
[BlackCountry "ESP"]
[WhiteElo "1414"]
[WhiteRD "96"]
[BlackElo "2240"]
[BlackRD "80"]
[GameID "232758"]

1. d4 d5 2. Nf3 Nf6 3. c3 c6 4. Bf4 Qb6 5. e3 Qxb2 6. Nbd2 Qxc3 7. a4 Bf5 8. Rc1 Qa5 9. Ra1 h6 10. Bxb8 Rxb8
0-1

[Event "Slow standard chess tournament"]
[Site "SchemingMind.com"]
[Date "2010.01.02"]
[Round "-"]
[White "NAZRIZ1977"]
[Black "Manuel Angel"]
[Result "0-1"]
[WhiteCountry "WLS"]
[BlackCountry "ESP"]
[WhiteElo "1805"]
[WhiteRD "56"]
[BlackElo "2240"]
[BlackRD "80"]
[GameID "232759"]

1. c4 c6 2. Nf3 d5 3. g3 Nf6 4. Bg2 dxc4 5. Qc2 Qd5 6. Nc3 Qa5 7. O-O Na6 8. Nd1 Be6 9. Nd4 Bd5 10. e4 Nb4
11. Qb1 Be6 12. Nxe6 fxe6 13. a3 Nd3 14. b3 O-O-O 15. bxc4 h5 16. Nb2 Nxc1 17. Rxc1 h4 18. c5 hxg3 19. hxg3 Qxd2 20. Rd1 Qa5
21. Qc2 Nd7 22. Nd3 g5 23. Rab1 Bg7 24. Qb3 Nxc5 25. Nxc5 Rxd1+ 26. Rxd1 Qxc5 27. Qxe6+ Kb8 28. Rd7 Rf8
0-1

[Event "Slow standard chess tournament"]
[Site "SchemingMind.com"]
[Date "2010.01.03"]
[Round "-"]
[White "Eden"]
[Black "Gary"]
[Result "1-0"]
[WhiteCountry "CZE"]
[BlackCountry "ENG"]
[WhiteElo "1461"]
[WhiteRD "76"]
[BlackElo "1172"]
[BlackRD "65"]
[GameID "232871"]

1. e4 c5 2. c4 Nc6 3. b3 Nf6 4. d3 g6 5. Bb2 Bg7 6. Nc3 O-O 7. g4 d6 8. h3 a6 9. a4 Qb6 10. Ra3 Nd4
11. Nf3 Bd7 12. g5 Nh5 13. Nd5 Qd8 14. a5
1-0

[Event "Slow standard chess tournament"]
[Site "SchemingMind.com"]
[Date "2009.12.29"]
[Round "-"]
[White "Eden"]
[Black "startstek"]
[Result "0-1"]
[WhiteCountry "CZE"]
[BlackCountry "ALG"]
[WhiteElo "1549"]
[WhiteRD "83"]
[BlackElo "1999"]
[BlackRD "83"]
[GameID "232872"]

1. e4 e5 2. b3 Nf6 3. Bb2 Nc6 4. Nc3 Bc5 5. g4 h6 6. Qf3 d6 7. h3 Nd4 8. Qd1 a6 9. Nf3 Ne6 10. d3 Nf4
11. Qd2 c6 12. O-O-O b5 13. a3 a5 14. a4 Bb4 15. g5 hxg5 16. Nxg5 bxa4 17. bxa4 Rb8 18. Qe3 Bc5 19. d4 Bxd4 20. Rxd4 exd4
21. Qxd4 Qb6 22. Qxb6 Rxb6 23. Ba3 d5 24. exd5 N4xd5 25. Nxd5 Nxd5 26. Bc4 Be6 27. Re1 Kd7 28. Re4 Re8 29. Bb2 f6 30. Nxe6 Rxe6
31. Rxe6 Kxe6 32. Ba3 Ke5 33. Kd2 Rb8 34. Bxd5 cxd5 35. f4+ Ke4 36. Kc3 Rh8
0-1

[Event "Slow standard chess tournament"]
[Site "SchemingMind.com"]
[Date "2009.12.29"]
[Round "-"]
[White "Eden"]
[Black "lame wolf"]
[Result "1-0"]
[WhiteCountry "CZE"]
[BlackCountry "INT"]
[WhiteElo "1467"]
[WhiteRD "73"]
[BlackElo "1055"]
[BlackRD "45"]
[GameID "232873"]

1. e4 c5 2. Bc4 e6 3. c3 Nc6 4. d4 b6 5. Be3 d6 6. Qf3 Qf6 7. d5 Qxf3 8. Nxf3 Ne5 9. Nxe5 dxe5 10. Na3 Bb7
11. O-O-O Ne7 12. d6 Ng6 13. f3 Rd8 14. d7+ Ke7 15. Rd3 Rxd7 16. Rhd1 Rxd3 17. Rxd3 Kf6 18. Rd7 Bxe4 19. fxe4 Be7 20. g3 Rd8
21. h4 Rxd7 22. Bg5#
1-0

[Event "Slow standard chess tournament"]
[Site "SchemingMind.com"]
[Date "2009.12.29"]
[Round "-"]
[White "Eden"]
[Black "tiggeronvrb"]
[Result "0-1"]
[WhiteCountry "CZE"]
[BlackCountry "SCO"]
[WhiteElo "1448"]
[WhiteRD "72"]
[BlackElo "1799"]
[BlackRD "74"]
[GameID "232874"]

1. Nf3 d5 2. g3 Nf6 3. Bg2 Bf5 4. O-O c5 5. c4 d4 6. Nh4 Bc8 7. Qa4+ Qd7 8. Qb3 Nc6 9. d3 e5 10. Na3 Bd6
11. e4 O-O 12. Nf5 g6 13. Nxd6 Qxd6 14. Bg5 Kg7 15. f4 Ng4 16. Rf3 h6 17. fxe5 Ncxe5 18. Bxh6+ Kxh6 19. Nc2 Nxf3+ 20. Bxf3 Ne5
21. Rf1 b6 22. Ne1 Bg4 23. Bxg4 Nxg4 24. Nf3 Ne3 25. Rf2 Kg7 26. a4 Rh8 27. Nh4 Rh7 28. a5 Rah8 29. axb6 axb6 30. Qa2 Ng4
31. Qa7 Nxf2
0-1

[Event "Slow standard chess tournament"]
[Site "SchemingMind.com"]
[Date "2010.01.03"]
[Round "-"]
[White "Eden"]
[Black "sentinel"]
[Result "1-0"]
[WhiteCountry "CZE"]
[BlackCountry "AUS"]
[WhiteElo "1510"]
[WhiteRD "80"]
[BlackElo "1388"]
[BlackRD "97"]
[GameID "232875"]

1. g3 g5 2. e3 Nf6 3. d4 d5 4. h4 Ne4 5. Bd3 Bf5 6. Qf3 e6 7. g4 Bg6 8. h5 Bf5 9. gxf5 Nc6 10. Bxe4 dxe4
11. Qxe4 Be7 12. fxe6 fxe6 13. Qxe6 Nb4 14. Na3 Rf8 15. f3 Rf6 16. Qg8+ Bf8 17. Qxh7 Rf7 18. Qe4+ Be7 19. Qxb7 Qd6 20. Qxa8+ Kd7
21. Ne2 Rf8 22. Qxa7 Rxf3 23. c3 Nd3+ 24. Kd2 Nf2 25. Rf1 Qh2 26. b4 Qxh5 27. Bb2 Ne4+ 28. Kd3 Ng3 29. Rxf3 Qxf3 30. Nxg3 Qxg3
31. b5 Qf2 32. Rb1 Qf5+ 33. Kd2 Bxa3 34. Bxa3 Qxb1 35. Qa4 Qxa2+ 36. Kd3 Qb1+ 37. Kc4 Qa2+ 38. Kc5 Qe6 39. b6+
1-0